00384nam a2200121Ia 4500008004100000082001800041245005100059260000900110300001000119942001200129999001900141952010200160210430s9999 xx 000 0 und d a5714.64 P733P aPrinciples And Models Of Semiconductor Devices c1990 a497p. cBK2ddc c565564d565564 00104070aSCMEbSCMEcCARTd2012-01-16l0o5714.64 P733PpSCME- D61r2021-04-30w2021-04-30yBK